000 01158nam a2200349 a 4500
001 000110662
003 CHAP
005 20220329144142.0
008 140923s2013 mx a |r| |||0|||spa d
010 _a107124
011 _a108096
020 _a9786074015683
040 _cCHAP
082 0 4 _a595.726
_bS15
245 0 0 _aSaltamontes y esperanzas del noreste de México (Insecta: Orthoptera) :
_bguía ilustrada /
_cpor Ludivina Barrientos Lozan ...[at al.].
260 _aMéxico, D.F. :
_bDirección General de Educación Superior Tecnologica,
_c2013.
300 _a381 p. :
_bil.
490 0 _aSerie : medio ambiente
504 _aIncluye bibliografía
590 _aE11695DGD
_b10
_c20140924
_lUCH01
_h0829
590 _aE11695DGD
_b10
_c20170904
_lUCH01
_h0943
590 _aE5652GLJ
_b05
_c20140923
_lUCH01
_h1323
590 _aE5652GLJ
_b05
_c20140923
_lUCH01
_h1331
650 1 4 _aChapulines
_xIdentificación.
_9128483
650 1 4 _aChapulines
_xMéxico.
_921943
650 1 4 _aOrtópteros.
_984147
700 0 _aBarrientos Lozano, Ludivina.
_910486
830 0 0 _aSerie : medio ambiente
_9104573
901 _aBK
942 _cLIBRO
942 _n0
999 _c107124
_d107124